Ciencias Sociales en América Latina y el Caribe /

Kaydedildi:
Detaylı Bibliyografya
Kurumsal yazarlar: CLACSO, ASDI
Materyal Türü: Metin
Baskı/Yayın Bilgisi: Buenos Aires: CENEDIC. CLACSO
Etiketler: Etiketle
Etiket eklenmemiş, İlk siz ekleyin!

MARC

LEADER 00000 a a2200000 04500
001 29859
003
040
090 |a 194101  |b RECURSO ELECTRONICO  
110 |a CLACSO  
245 |a Ciencias Sociales en América Latina y el Caribe /  |c CLACSO  
260 |a Buenos Aires:   |b CENEDIC. CLACSO  
500 |a Debe ser instalado.También impreso Debe ser instalado.También impreso No. de acceso 145600-08  
710 |a ASDI  
999 |c 14378  |d 14378